Statistiques concernant Personnages de Brooklin Nine-Nine par images

Cliquez ici pour prendre le quiz!

Statistiques générales

  • Ce quiz a été pris 75 fois
  • Le résultat moyen est 11 sur 16

Statistiques - réponses

Réponse% Correct
Jake Peralta
99%
Amy Santiago
93%
Rosa Diaz
90%
Charles Boyle
85%
Terry Jeffords
85%
Ray Holt
84%
Gina Linetti
82%
Norm Scully
78%
Michael Hitchcock
73%
Doug Judy
72%
Cheddar
69%
Kevin Cozner
66%
Keith Pembroke (Le Vautour)
64%
Madeline Wuntch
51%
Sophia Perez
28%
Roger Peralta
12%

Distribution des résultats

Percentile par nombre de réponses

% des personnes avec chaque résultat

Votre développement - résultats

Vous n’avez pas pris ce quiz